000 00393nam a2200169Ia 4500
008 230524s9999 xx 000 0 und d
020 _a8174462899
082 _a331.741
_bATM
100 _aAtmanand
245 0 _aManagerial Economics
250 _aVI;729
260 _aNEW DELHI
_bExcel
_c2008
300 _aVI;729
500 _aQuantity Number: 20
650 _aEconomics
942 _cBK
999 _c40393
_d40393